| Tag |
First Indicator |
Second Indicator |
Subfields |
| LEADER |
00000cam a2200000 a 4500 |
| 001 |
in00000440521 |
| 005 |
20151012071510.0 |
| 008 |
870130s1986 dcua b 00010 eng d |
| 020 |
|
|
|a 0309037352
|
| 035 |
|
|
|a (OCoLC)15134825
|
| 035 |
|
|
|9 ABW7487AM
|
| 040 |
|
|
|a PBU
|c PBU
|d TXA
|d UtOrBLW
|
| 043 |
|
|
|a n-us---
|
| 049 |
|
|
|a TXAM
|c [A09909614]
|
| 090 |
|
|
|a HD9660.E433
|b N37 1986
|
| 245 |
0 |
0 |
|a New horizons in electrochemical science and technology :
|b report /
|c Committee on Electrochemical Aspects of Energy Conservation and production, National Materials Advisory Board Commission on Engineering and Technical Systems, National Research Council.
|
| 264 |
|
1 |
|a Washington, D.C. :
|b National Academy Press,
|c 1986.
|
| 300 |
|
|
|a xvi, 147 pages :
|b illustrations ;
|c 26 cm.
|
| 336 |
|
|
|a text
|b txt
|2 rdacontent
|
| 337 |
|
|
|a unmediated
|b n
|2 rdamedia
|
| 338 |
|
|
|a volume
|b nc
|2 rdacarrier
|
| 490 |
1 |
|
|a Publication NMAB ;
|v 438-1
|
| 500 |
|
|
|a "This study ... was conducted under Contract Number B-M4455-A-Z with the Department of Energy."
|
| 504 |
|
|
|a Includes bibliographies.
|
| 650 |
|
0 |
|a Electrochemicals industry
|z United States.
|
| 650 |
|
0 |
|a Electrochemistry.
|
| 710 |
2 |
|
|a National Research Council (U.S.).
|b Committee on Electrochemical Aspects of Energy Conservation and Production.
|
| 710 |
2 |
|
|a National Research Council (U.S.).
|b National Materials Advisory Board.
|b Commission on Engineering and Technical Systems.
|
| 830 |
|
0 |
|a Publication NMAB ;
|v 438-1.
|
| 999 |
|
|
|a MARS
|
| 999 |
f |
f |
|s 8bf07825-a9d9-3ab7-aad6-0feb60ace244
|i 3a80897d-929d-3e21-81be-9438a995adf5
|t 0
|
| 952 |
f |
f |
|p ric
|a Texas A&M University
|b Rellis Campus
|c Joint Library Facility
|d Remote Storage
|t 0
|e HD9660.E433 N37 1986
|h Library of Congress classification
|i unmediated -- volume
|m A14809909614
|
| 998 |
f |
f |
|a HD9660.E433 N37 1986
|t 0
|l Remote Storage
|